Statistiques concernant KOH LANTA - vainqueurs des poteaux

Cliquez ici pour prendre le quiz!

Statistiques générales

  • Ce quiz a été pris 113 fois
  • Le résultat moyen est 20 sur 28

Statistiques - réponses

SaisonRéponse% Correct
La légendeLaurent
85%
L'île au trésorBenoît
81%
Le combat des hérosPascal
80%
ThaïlandePascal
80%
La revanche des hérosClaude
79%
L'île des hérosNaoil
79%
FidjiAndré
75%
Les 4 terresBrice
75%
JohorChantal
75%
PalawanJade
73%
CambodgeClémentine
72%
PacifiqueClémence
71%
Le choc des hérosGrégoire
71%
Les armes secrètesMaxine
71%
NicoyaAmel
69%
La nouvelle éditionMartin
69%
VietnamPhilippe
69%
PalauChristina
68%
Raja AmpatGérard
68%
Le retour des hérosJade
68%
MalaisieUgo
68%
La guerre des chefsCindy
65%
Le feu sacréFrédéric
65%
CaramoanChristelle
64%
Le totem mauditGéraldine
63%
Bocas del ToroIsabelle
60%
VanuatuEmilie
55%
PanamaLinda
49%

Distribution des résultats

Percentile par nombre de réponses

% des personnes avec chaque résultat

Votre développement - résultats

Vous n’avez pas pris ce quiz